LEADER 04068nam 2200589 450 001 9910480639203321 005 20170822144434.0 010 $a1-4704-0348-X 035 $a(CKB)3360000000464939 035 $a(EBL)3114403 035 $a(SSID)ssj0000973472 035 $a(PQKBManifestationID)11537980 035 $a(PQKBTitleCode)TC0000973472 035 $a(PQKBWorkID)10961189 035 $a(PQKB)10510041 035 $a(MiAaPQ)EBC3114403 035 $a(PPN)195416414 035 $a(EXLCZ)993360000000464939 100 $a20020418d2002 uy| 0 101 0 $aeng 135 $aur|n|---||||| 181 $ctxt 182 $cc 183 $acr 200 10$aEquivariant orthogonal spectra and S-modules /$fM.A. Mandell, J.P. May 210 1$aProvidence, Rhode Island :$cAmerican Mathematical Society,$d2002. 215 $a1 online resource (125 p.) 225 1 $aMemoirs of the American Mathematical Society,$x0065-9266 ;$vnumber 755 300 $a"Volume 159, number 755 (second of 5 numbers)." 311 $a0-8218-2936-X 320 $aIncludes bibliographical references and index. 327 $a""Contents""; ""Introduction""; ""Chapter I. Orthogonal spectra and S-modules""; ""1. Introduction and statements of results""; ""2. Right exact functors on categories of diagram spaces""; ""3. The proofs of the comparison theorems""; ""4. Further Quillen equivalences and homotopical preliminaries""; ""5. Model structures and homotopical proofs""; ""6. The construction of the functor N*""; ""7. The functor M and its comparison with N""; ""8. A revisionist view of infinite loop space theory""; ""Chapter II. Equivariant orthogonal spectra""; ""1. Preliminaries on equivariant categories"" 327 $a""2. The definition of orthogonal G-spectra""""3. The smash product of orthogonal G-spectra""; ""4. A description of orthogonal G-spectra as diagram G-spaces""; ""Chapter III. Model categories of orthogonal G-spaces""; ""1. The model structure on G-spaces""; ""2. The level model structure on orthogonal G-spectra""; ""3. The homotopy groups of G-prespectra""; ""4. The stable model structure on orthogonal G-spectra""; ""5. The positive stable model structure""; ""6. Stable equivalences of orthogonal G-spectra""; ""7. Model categories of ring and module G-spectra"" 327 $a""8. The model category of commutative ring G-spectra""""9. Level equivalences and I??[sub(*)]-isomorphisms of I?©-G-spectra""; ""Chapter IV. Orthogonal G-spectra and S[sub(G)]-modules""; ""1. Introduction and statements of results""; ""2. Model structures on the category of S[sub(G)]-modules""; ""3. The construction of the functors N and N[sup(#)]""; ""4. The proofs of the comparison theorems""; ""5. The functor M and its comparison with N""; ""6. Families, cofamilies, and Bousfield localization""; ""Chapter V. ""Change"" functors for orthogonal G-spectra""; ""1. Change of universe"" 327 $a""2. Change of groups""""3. Fixed point and orbit spectra""; ""4. Geometric fixed point spectra""; ""Chapter VI. ""Change"" functors for S[sub(G)]-modules and comparisons""; ""1. Comparisons of change of group functors""; ""2. Comparisons of change of universe functors""; ""3. Comparisons of fixed point and orbit G-spectra functors""; ""4. N-free G-spectra and the Adams isomorphism""; ""5. The geometric fixed point functor and quotient groups""; ""6. Technical results on the unit map I?»:JE [omitted] E""; ""Bibliography""; ""Index of Notation"" 410 0$aMemoirs of the American Mathematical Society ;$vno. 755. 606 $aHomotopy theory 606 $aCategories (Mathematics) 608 $aElectronic books. 615 0$aHomotopy theory. 615 0$aCategories (Mathematics) 676 $a510 s 676 $a514/.24 700 $aMandell$b M. A.$f1970-$0912552 702 $aMay$b J. Peter 801 0$bMiAaPQ 801 1$bMiAaPQ 801 2$bMiAaPQ 906 $aBOOK 912 $a9910480639203321 996 $aEquivariant orthogonal spectra and S-modules$92043830 997 $aUNINA LEADER 00937nam a2200241 i 4500 001 991000378749707536 005 20020506125821.0 008 010104s1944 ||| ||| | ||| 035 $ab10691686-39ule_inst 035 $aEXGIL144518$9ExL 040 $aBiblioteca Interfacoltà$bita 100 1 $aKalinka, Ernst$0230399 245 10$aTituli Lyciae :$blinguis graeca et latina conscripti. Fasc. 3., Regiones montanae a Valle Xanthi fluminis ad Oram Orientalem /$cenaravit Ernestus Kalinka 260 $c1944 300 $aP. 366-433 :$bill. 490 0 $aTituli Asiae Minoris ;$v2.3 907 $a.b10691686$b23-02-17$c28-06-02 912 $a991000378749707536 945 $aLE002 411.7 TIT 945 $aLE002 Bibl. III H 5/002,III$g1$i2002000415042$lle002$nV. 2.3$o-$pE0.00$q-$rl$s- $t0$u0$v0$w0$x0$y.i10785826$z28-06-02 996 $aTituli Lyciae$9908428 997 $aUNISALENTO 998 $ale002$b01-01-01$cm$da $e-$feng$gxx $h0$i1 LEADER 01455nas 22004453a 450 001 996336820603316 005 20240413023831.0 035 $a(CKB)110978984445515 035 $a(CONSER)sn-97004411- 035 $a(EXLCZ)99110978984445515 100 $a19970815a19979999 --- a 101 0 $aeng 181 $ctxt$2rdacontent 182 $cc$2rdamedia 183 $acr$2rdacarrier 200 00$aAdvanced fuel cell technology 210 $aBoalsburg, PA $cSeven Mountains Scientific$d[1997- 215 $a1 online resource 300 $aTitle from caption. 311 08$aPrint version: Advanced fuel cell technology. 1095-1415 (DLC)sn 97004411 (OCoLC)37478430 531 0 $aAdv. fuel cell technol. 606 $aFuel cell industry$vPeriodicals 606 $aFuel cells$xResearch$vPeriodicals 606 $aEnergy conversion$vPeriodicals 606 $aEnergy conversion$2fast$3(OCoLC)fst00910026 606 $aFuel cell industry$2fast$3(OCoLC)fst00935855 606 $aFuel cells$xResearch$2fast$3(OCoLC)fst00935866 608 $aPeriodicals.$2fast 615 0$aFuel cell industry 615 0$aFuel cells$xResearch 615 0$aEnergy conversion 615 7$aEnergy conversion. 615 7$aFuel cell industry. 615 7$aFuel cells$xResearch. 676 $a629 906 $aJOURNAL 912 $a996336820603316 920 $aexl_impl conversion 996 $aAdvanced fuel cell technology$92350379 997 $aUNISA LEADER 05341nam 22005415 450 001 9910255203103321 005 20200703161525.0 010 $a94-024-1164-X 024 7 $a10.1007/978-94-024-1164-5 035 $a(CKB)4340000000061748 035 $a(DE-He213)978-94-024-1164-5 035 $a(MiAaPQ)EBC4913688 035 $a(EXLCZ)994340000000061748 100 $a20170712d2017 u| 0 101 0 $aeng 135 $aurnn|008mamaa 181 $ctxt$2rdacontent 182 $cc$2rdamedia 183 $acr$2rdacarrier 200 10$aCivil Disobedience in Global Perspective $eDecency and Dissent over Borders, Inequities, and Government Secrecy /$fby Michael Allen 205 $a1st ed. 2017. 210 1$aDordrecht :$cSpringer Netherlands :$cImprint: Springer,$d2017. 215 $a1 online resource (VII, 144 p.) 225 1 $aStudies in Global Justice,$x1871-0409 ;$v16 311 $a94-024-1162-3 320 $aIncludes bibliographical references at the end of each chapters. 327 $aChapter One Introduction: A Global Practice of Civil Disobedience -- Chapter Two Decency, the Right to Disobey, and Non-Domination -- Chapter Three Undocumented Disobedients as a Special Class of Civil Disobedients -- Chapter Four Institutionalizing the Human Right of the Undocumented to be Domestic Political Participants -- Chapter Five Unfair Terms of Global Cooperation and the Fair Equality of Liberty between Peoples -- Chapter Six Executive Prerogative and Disobedient Disclosure of Government Secrets -- Chapter Seven Disobedience as an Expression of Global Solidarity and Redefining Disobedience in a Global Perspective. 330 $aThis book explores a hitherto unexamined possibility of justifiable disobedience opened up by John Rawls? Law of Peoples. This is the possibility of disobedience justified by appeal to standards of decency that are shared by peoples who do not otherwise share commitments to the same principles of justice, and whose societies are organized according to very different basic social institutions. Justified by appeal to shared decency standards, disobedience by diverse state and non-state actors indeed challenge injustices in the international system of states. The book considers three case studies: disobedience by the undocumented, disobedient challenges to global economic inequities, and the disobedient disclosure of government secrets. It proposes a substantial analytical redefinition of civil disobedience in a global perspective, identifying the creation of global solidarity relations as its goal. Michael Allen breaks new ground in our understanding of global justice. Traditional views, such as those of Rawls, see justice as a matter of recognizing the moral status of all free and equal person as citizens in a state. Allen argues that this fails to see things from the global perspective. From this perspective disobedience is not merely a matter of social cooperation. Rather, it is a matter of self determination that guarantees the invulnerability of different types of persons and peoples to domination. This makes the disobedience by the undocumented justified, based on the idea that all persons are moral equals, so that all sovereign peoples need to reject dominating forms of social organization for all persons, and not just their own citizens. In an age of mass movements of people, Allen gives us a strong reason to change our practices in treating the undocumented. James Bohman, St Louis University, Danforth Chair in the Humanities This monograph is an important contribution to our thinking on civil disobedience and practices of dissent in a globalized world. This is an era where non-violent social movements have had a significant role in challenging the abuse of power in contexts as diverse, yet interrelated as the Arab Spring protests and the Occupy protests. Moreover, while protests such as these speak to a local political horizon, they also have a global footprint, catalyzing a transnational dialogue about global justice, political strategy and cosmopolitan solidarity. Speaking directly to such complexities, Allen makes a compelling case for a global perspective regarding civil disobedience. Anyone interested in how the dynamics of non-violent protest have shaped and reshaped the landscape for democratic engagement in a globalized world will find this book rewarding and insightful. Vasuki Nesiah, New York University. 410 0$aStudies in Global Justice,$x1871-0409 ;$v16 606 $aPolitical science 606 $aCivil law 606 $aPhilosophy of Law$3https://scigraph.springernature.com/ontologies/product-market-codes/E27000 606 $aPolitical Science$3https://scigraph.springernature.com/ontologies/product-market-codes/911000 606 $aCivil Law$3https://scigraph.springernature.com/ontologies/product-market-codes/R1200X 615 0$aPolitical science. 615 0$aCivil law. 615 14$aPhilosophy of Law. 615 24$aPolitical Science. 615 24$aCivil Law. 676 $a303.61 700 $aAllen$b Michael$4aut$4http://id.loc.gov/vocabulary/relators/aut$0115773 801 0$bMiAaPQ 801 1$bMiAaPQ 801 2$bMiAaPQ 906 $aBOOK 912 $a9910255203103321 996 $aCivil Disobedience in Global Perspective$92066399 997 $aUNINA